Normal view
MARC view
- PERRY, R.H
Entry Personal Name
001 - CONTROL NUMBER
- control field: 79007
003 - CONTROL NUMBER IDENTIFIER
- control field: NUST
005 - DATE AND TIME OF LATEST TRANSACTION
- control field: 20210628210327.0
008 - FIXED-LENGTH DATA ELEMENTS
- fixed length control field: 210628|| aca||aabn | a|a d
040 ## - CATALOGING SOURCE
- Original cataloging agency: NUST
- Transcribing agency: NUST
100 ## - HEADING--PERSONAL NAME
- Personal name: PERRY, R.H
670 ## - SOURCE DATA FOUND
- Source citation: Work cat.: (NUST): PERRY, R.H, ENGINEERING MANUAL A PRACTICAL REFERENCE OF DATA AND METHODS IN ARCHITECTURAL CHEMICAL CIVIL, ELECTRICAL, 1987
